00681 a2200181 4500020003600000082001600036100002100052245007100073250001200144260003600156300003500192650003100227650002100258650001800279999001300297952009600310952009300406 a047134852X (cloth : alk. paper) a579.176 CHA aChapelle, Frank. aGround-water microbiology and geochemistry /cFrancis H. Chapelle. a2nd ed. aNew York, N.Y. :bWiley,c2001. axvii, 477 p. :bill. ;c26 cm. aGroundwaterxMicrobiology. aGeomicrobiology. aGeochemistry. c698d698 00104070aNITbNITcCEd0000-00-00l0o579.176 CHApNIT-1849 r2017-01-05w2017-01-05yBK 00102ddc4070aNITbNITd2020-01-17l0o579.176 CHApNIT-13067r2020-01-17w2020-01-17